Dicionário de Fernando Pessoa e do Modernismo português (Record no. 15728)
[ view plain ]
| 000 -Etiqueta do registo | |
|---|---|
| Valores | 00743nam a2200181 4500 |
| 010 ## - Número ISBN | |
| ISBN | 9789722119856 |
| 100 ## - Dados gerais de processamento | |
| Dados gerais | 20090304d2008 k y0pory5003 ba |
| 200 1# - Titulo e menção de responsabilidade | |
| Título próprio | Dicionário de Fernando Pessoa e do Modernismo português |
| Primeira menção de responsabilidade | coordenação Fernando Cabral Martins |
| 210 ## - Publicação | |
| Local de publicação | [Lisboa] |
| Nome do editor | Caminho |
| Data de publicação | 2008 |
| 215 ## - Descrição física | |
| Paginação / Volumes | 959, [16] p. a 2 colns |
| Outras indicações físicas | il., est. |
| Dimensões | 25 cm |
| 300 ## - Notas gerais | |
| Texto da nota | Contém lista de siglas de edições citadas de Fernando Pessoa, Mário de Sá-Carneiro e Almada Negreiros, bibliografia citada e índice de nomes |
| 675 ## - CDU | |
| Notação | 821.134.3 PESSOA, Fernado .09(038) |
| Edição | BN |
| Língua | por |
| 675 ## - CDU | |
| Notação | 82.02 Modernismo(469)"1912/1935" |
| Edição | BN |
| Língua | por |
| 702 #1 - Autor secundário (pessoa individual) | |
| Apelido | Martins |
| Nome | Fernando Cabral |
| Datas | 1950- |
| 801 #0 - Fonte de origem | |
| País | PT |
| Agência | UNLCSH |
| Regras de catalogação | RPC |
| 990 ## - Elementos KOHA | |
| Tipo de documento | Livro |
| Situação do levantamento | Estado | Número | Biblioteca de origem | Código de barras | Cota | Permissão de empréstimo | Tipo de documento | Forma de aquisição |
|---|---|---|---|---|---|---|---|---|
| BMA | Biblioteca Municipal do Alandroal | R15205/21 | 821.134.3PESSOA:FERNANDO.09 | Livro | Compra | |||
| BMA | Biblioteca Municipal do Alandroal | R17627/21 | 821.134.3PESSOA.FERNANDO.09 | Livro | Compra |